| 000 | 00474nam a2200181Ia 4500 | ||
|---|---|---|---|
| 005 | 20250508160046.0 | ||
| 008 | 008 250505s9999 xx 000 0 eng d | ||
| 037 | _aTextual | ||
| 040 |
_aFEDL _beng _cFEDL |
||
| 041 |
_aeng _2eng |
||
| 084 |
_a375.3, MIN _qFEDL |
||
| 245 | 0 | _aGuide for instruction in the social studious | |
| 245 | 0 | _cState of Minnesota | |
| 260 | _c1955 | ||
| 300 | _a453p. | ||
| 942 |
_cTEXL _h375.3, MIN |
||
| 999 |
_c1361453 _d1361453 |
||